000 00490nam a22001937a 4500
003 MPLRDC
005 20220104191032.0
008 210129b ||||| |||| 00| 0 eng d
020 _a978-967-5381-10-2
082 _a848.3 SX-24
100 _a深雪
245 _a人生拍卖会2
_c
250 _a一刷
260 _a马来西亚
_b青城文化事业有限公司
_c2010
300 _b
490 _a青城名家: 深雪SX09
650 _a现代别集
942 _cBK
_o848.3 SX-24
999 _c64060
_d64050